Poslanci ČR poznávačka - Statistics

General Stats
  • This quiz has been taken 14 times
    6 since last reset
  • The average score is 154 of 200
Answer Stats
Picture Answer % Correct
Adam Vojtěch
100%
Adriana Chochelová
100%
Alena Schillerová
100%
Aleš Juchelka
100%
Andrej Babiš
100%
Barbora Rázga
100%
Barbora Urbanová
100%
Benjamin Činčila
100%
Berenika Peštová
100%
Boris Šťastný
100%
Denis Doksanský
100%
Eliška Olšáková
100%
Ester Weimerová
100%
Eva Decroix
100%
Filip Turek
100%
František Talíř
100%
Gabriela Svárovská
100%
Hana Ančincová
100%
Hayato Okamura
100%
Helena Válková
100%
Igor Červený
100%
Ivan Adamec
100%
Ivan Bartoš
100%
Jakub Krainer
100%
Jana Pastuchová
100%
Jana Patková
100%
Jan Berki
100%
Jan Hrnčíř
100%
Jan Jakob
100%
Jan Lipavský
100%
Jan Papajanovský
100%
Jan Skopeček
100%
Jan Sviták
100%
Jindřich Rajchl
100%
Jiří Barták
100%
Josef Flek
100%
Josef Váňa
100%
Julie Smejkalová
100%
Karel Dvořák
100%
Karel Havlíček
100%
Katerina Demetrashvili
100%
Kateřina Stojanová
100%
Libor Turek
100%
Libor Vondráček
100%
Lubomír Metnar
100%
Lucie Šafránková
100%
Lucie Sedmihradská
100%
Lukáš Vlček
100%
Marek Benda
100%
Marek Výborný
100%
Marian Jurečka
100%
Martin Kupka
100%
Martin Šmída
100%
Matěj Gregor
100%
Matěj Hlavatý
100%
Matěj Ondřej Havel
100%
Michaela Moricová
100%
Michaela Šebelová
100%
Michal Zuna
100%
Miroslav Ševčík
100%
Olga Richterová
100%
Oto Klempíř
100%
Patrik Nacher
100%
Pavla Pivoňka Vaňková
100%
Petr Fiala
100%
Petr Hladík
100%
Petr Macinka
100%
Radek Vondráček
100%
Radim Fiala
100%
Renata Vesecká
100%
Robert Plaga
100%
Samuel Volpe
100%
Taťána Malá
100%
Tomio Okamura
100%
Vendula Svobodová
100%
Věra Kovářová
100%
Veronika Kovářová
100%
Vít Rakušan
100%
Vlastimil Válek
100%
Zdena Kašparová
100%
Zdeněk Hřib
100%
Zdeňka Blišťanová
100%
Zdenka Němečková Crkvenjaš
100%
Zuzana Majerová
100%
Andrea Hoffmannová
67%
Anežka Nedomová
67%
Barbora Pipášová
67%
Bohuslav Niemiec
67%
David Pražák
67%
Drahomír Blažej
67%
Drahoslav Ryba
67%
Eva Šrámková
67%
František Bureš
67%
František Petrtýl
67%
Gabriela Sedláčková
67%
Helena Langšádlová
67%
Hubert Lang
67%
Igor Hendrych
67%
Irena Ferčíková Konečná
67%
Irena Němcová
67%
Ivana Mádlová
67%
Jana Bačíková
67%
Jana Berkovcová
67%
Jana Černochová
67%
Jana Demjanová
67%
Jana Filipovičová
67%
Jana Krutáková
67%
Jana Murová
67%
Jan Bartošek
67%
Jan Bauer
67%
Jan Bureš
67%
Jan Richter
67%
Jan Síla
67%
Jaroslav Faltýnek
67%
Jaroslav Foldyna
67%
Jiří Bouška
67%
Jiří Havránek
67%
Jiří Mašek
67%
Jiří Penc
67%
Jiří Pospíšil
67%
Jiří Svoboda
67%
Josef Kott
67%
Josef Nerušil
67%
Kamal Farhan
67%
Karel Beran
67%
Karel Haas
67%
Karel Tureček
67%
Ladislav Okleštěk
67%
Lenka Dražilová
67%
Lenka Martínková Španihelová
67%
Libor Hoppe
67%
Lucie Bartošová
67%
Marek Ženíšek
67%
Marie Pošarová
67%
Martin Baxa
67%
Martin Kolovratník
67%
Martin Kupec
67%
Michaela Opltová
67%
Michal Kučera
67%
Michal Ratiborský
67%
Milan Brázdil
67%
Miloslav Janulík
67%
Miroslav Krejčí
67%
Miroslav Samaš
67%
Monika Brzesková
67%
Monika Oborná
67%
Ondřej Babka
67%
Otto Vopěnka
67%
Patrik Pařil
67%
Pavel Bartoň
67%
Pavel Outrata
67%
Pavel Žáček
67%
Petr Bendl
67%
Petr Sadovský
67%
Petr Sokol
67%
Petr Vrána
67%
Radek Koten
67%
Renata Oulehlová
67%
Renáta Zajíčková
67%
Robert Králíček
67%
Róbert Teleky
67%
Stanislav Fridrich
67%
Štěpán Slovák
67%
Tomáš Doležal
67%
Tomáš Helebrant
67%
Tomáš Kohoutek
67%
Tom Philipp
67%
Václav Pláteník
67%
Václav Trojan
67%
Věra Adámková
67%
Vítězslav Schrek
67%
Vladimír Kolek
67%
Vladimír Pikora
67%
Vlastimil Hebr
67%
Vojtěch Krňanský
67%
Vojtěch Munzar
67%
Zuzana Mrázová
67%
David Kasal
33%
David Štolpa
33%
Eva Fialová
33%
Jakub Janda
33%
Jana Hanzlíková
33%
Jiří Horák
33%
Jiřina Klčová
33%
Jiří Strýček
33%
Jiří Vojáček
33%
Jitka Volfová
33%
Karin Gajdová
33%
Lubomír Wenzl
33%
Marek Novák
33%
Marie Kršková
33%
Martin Záhoř
33%
Miroslav Žbánek
33%
Monika Hubíková
33%
Pavel Karpíšek
33%
Pavel Růžička
33%
Petr Kowanda
33%
Robert Stržínek
33%
Roman Kubíček
33%
Zuzana Ožanová
33%
No matching quizzes found
Score Distribution
Percent of People with Each Score
Percentile by Number Answered
Your Score History
You have not taken this quiz since the last reset